[Event "Soukhumi op"]
[Site "Soukhumi"]
[Date "2007.08.03"]
[Round "1"]
[White "Uteshin, Dmitry"]
[Black "Degtiarev, Viktor"]
[Result "1-0"]
[WhiteElo "2088"]
[BlackElo "1918"]
[PlyCount "59"]
[EventDate "2007.08.03"]
[EventType "swiss"]
[EventRounds "9"]
[EventCountry "RUS"]
[SourceTitle "EXT 2009"]
[Source "ChessBase"]
[SourceDate "2008.11.26"]
[SourceVersion "1"]
[SourceVersionDate "2008.11.26"]
[SourceQuality "1"]

1. e4 c5 2. f4 g6 3. Nf3 Bg7 4. Nc3 e6 5. d4 cxd4 6. Nxd4 a6 7. Be3 Ne7 8. Qd2 Nbc6 9. Be2 b5 10. Bf3 Qc7 11. 0-0 0-0 12. Rad1 Nxd4 13. Bxd4 Bxd4+ 14. Qxd4 Qxf4 15. Qc5 Nc6 16. e5 Qc4 17. Qe3 Rb8 18. Ne4 Kg7 19. b3 Qb4 20. Nd6 Bb7 21. Be4 f5 22. exf6+ Rxf6 23. Rxf6 Kxf6 24. c3 Qa3 25. Qh6 Qc5+ 26. Kh1 Qh5 27. Qf4+ Ke7 28. Qf7+ Kd8 29. Bf3 Qh4 30. Nxb7+ 1-0

[Event "RUS-ch sf Urals 60th"]
[Site "Nizhnij Tagil"]
[Date "2007.03.14"]
[Round "1"]
[White "Kalmachevskikh, Viktor"]
[Black "Uteshin, Dmitry"]
[Result "1/2-1/2"]
[WhiteElo "2333"]
[BlackElo "2109"]
[PlyCount "115"]
[EventDate "2007.03.14"]
[EventType "swiss"]
[EventRounds "9"]
[EventCountry "RUS"]
[SourceTitle "CBM 117 Extra"]
[Source "ChessBase"]
[SourceDate "2007.05.09"]
[SourceVersion "1"]
[SourceVersionDate "2007.05.09"]
[SourceQuality "1"]

1. d4 Nf6 2. Bg5 g6 3. Bxf6 exf6 4. h4 h5 5. e3 d6 6. c4 Bg7 7. Nc3 0-0 8. Be2 f5 9. g3 c5 10. dxc5 dxc5 11. Qxd8 Rxd8 12. Nd5 Nc6 13. 0-0-0 Be6 14. Nh3 Bxd5 15. cxd5 Nb4 16. Bc4 b5 17. Be2 Nxa2+ 18. Kb1 Nb4 19. Bxb5 Rab8 20. Bc4 Na2 21. Rd2 Nc3+ 22. Kc1 Ne4 23. Rc2 Rb4 24. b3 a5 25. Nf4 a4 26. Nd3 Rxb3 27. f3 Nc3 28. Kd2 Nxd5 29. Ke2 Rc3 30. Rhc1 Rxc2+ 31. Rxc2 Nb4 32. Rc1 Nxd3 33. Bxd3 a3 34. Bc4 Rb8 35. Kd2 Bb2 36. Rc2 Rd8+ 37. Ke2 Kg7 38. Ba2 Rc8 39. Rc4 f6 40. f4 g5 41. Rc2 gxf4 42. gxf4 Kf8 43. Kd3 Ke7 44. Kc4 Rg8 45. Kb5 Rg3 46. Rxc5 Rxe3 47. Rc7+ Kd6 48. Rc6+ Kd7 49. Ra6 Re4 50. Ra7+ Kd6 51. Ra6+ Kc7 52. Ra7+ Kb8 53. Rh7 Rxf4 54. Bd5 Rd4 55. Ba2 Rxh4 56. Kc6 Rh2 57. Bc4 Rc2 58. Rh8+ 1/2-1/2

[Event "Nizhnij Tagil-ch"]
[Site "Nizhnij Tagil"]
[Date "2006.12.??"]
[Round "10"]
[White "Karyagin, Denis"]
[Black "Uteshin, Dmitry"]
[Result "1-0"]
[WhiteElo "2007"]
[BlackElo "2109"]
[PlyCount "79"]
[EventDate "2006.12.07"]
[EventType "swiss"]
[EventRounds "13"]
[EventCountry "RUS"]
[SourceTitle "EXT 2008"]
[Source "ChessBase"]
[SourceDate "2007.11.25"]
[SourceVersion "1"]
[SourceVersionDate "2007.11.25"]
[SourceQuality "1"]

1. e4 g6 2. Nf3 Bg7 3. g3 Nf6 4. d3 0-0 5. Bg2 c6 6. 0-0 d5 7. e5 Ne8 8. Qe2 Bg4 9. Nbd2 e6 10. h3 Bxf3 11. Nxf3 h6 12. Nh2 c5 13. f4 Nc6 14. Be3 Nc7 15. Bxc5 Re8 16. c4 Na6 17. Bd6 Nd4 18. Qf2 Nf5 19. c5 b6 20. g4 Nh4 21. d4 Rc8 22. a3 Bf8 23. b4 Nc7 24. Rfc1 Nxg2 25. Kxg2 a5 26. f5 bxc5 27. dxc5 exf5 28. Rf1 Na6 29. gxf5 Qg5+ 30. Kh1 Qxf5 31. Qxf5 gxf5 32. Rxf5 Re6 33. Rg1+ Bg7 34. Ng4 axb4 35. Nf6+ Kh8 36. axb4 Nxb4 37. Nh5 Rg8 38. Rxf7 Bxe5 39. Bxe5+ Rxe5 40. Nf6 1-0

[Event "Nizhnij Tagil-ch"]
[Site "Nizhnij Tagil"]
[Date "2006.12.??"]
[Round "5"]
[White "Krutko, Anatoly"]
[Black "Uteshin, Dmitry"]
[Result "1-0"]
[WhiteElo "2359"]
[BlackElo "2109"]
[PlyCount "62"]
[EventDate "2006.12.07"]
[EventType "swiss"]
[EventRounds "13"]
[EventCountry "RUS"]
[SourceTitle "EXT 2008"]
[Source "ChessBase"]
[SourceDate "2007.11.25"]
[SourceVersion "1"]
[SourceVersionDate "2007.11.25"]
[SourceQuality "1"]

1. e4 g6 2. d4 Bg7 3. Nf3 d6 4. Bc4 Nf6 5. Qe2 c6 6. e5 Nd5 7. 0-0 0-0 8. Rd1 Bg4 9. Nbd2 dxe5 10. dxe5 Nd7 11. h3 Bxf3 12. Nxf3 e6 13. Bg5 Qc7 14. Re1 Rfe8 15. Rad1 h6 16. Bc1 Rad8 17. Bb3 Nc5 18. h4 a5 19. h5 Qe7 20. hxg6 fxg6 21. c4 Nxb3 22. axb3 Nb4 23. Bf4 g5 24. Bg3 c5 25. Rd6 Nc6 26. Red1 g4 27. Nh4 Qg5 28. Qe4 Rxd6 29. exd6 Bd4 30. d7 Rf8 31. Ng6 Rf6 1-0